Temešvár-Bratislava 21. 12. 1989

Bibliographic Details
Main Author: Pius, Miroslav, 1942- (Author)
Format: Article
Language:Slovak
Subjects:

MARC

LEADER 00000nab a2200000 a 4500
001 vtls000368239
003 SK-MaSNL
005 20260304014108.0
008 241209c1989 xo 0 slo
015 |a SNBRB19rr/mm-uuuuu 
035 |a CL0368361 
040 |a SNKBUCL  |b slo  |c SNKBUCL  |e AACR2 
041 0 |a slo 
044 |a xo  |c SK 
080 |a 885.4-1  |2 1981 
100 1 |a Pius, Miroslav,  |d 1942-  |4 aut  |9 13714 
245 1 0 |a Temešvár-Bratislava  |b 21. 12. 1989  |c Miroslav Pius 
655 7 |a slovenská poézia  |2 snkbucl  |9 70444 
655 7 |a články z novín a časopisov  |2 snkbucl  |9 267496 
655 7 |a články z odboru literárna veda a krásna literatúra  |2 snkbucl  |9 770045 
773 0 |t Pravda  |g Roč. 70, č. 302 (23. 12. 1989), s. 5 
850 |a Slovenská národná knižnica 
852 |a Slovenská národná knižnica 
958 |a RK 
958 |a LX 
992 |a RBX 
999 |c 2581267  |d 2583197